| 000 | 00426nam a2200145 i 4500 | ||
|---|---|---|---|
| 001 | 134986 | ||
| 003 | ES-MaACL | ||
| 007 | t| | ||
| 008 | 070705s1964 xxu ||||1| eng d | ||
| 100 | 1 |
_aTinkham, Michael. _9110307 |
|
| 245 | 1 | 0 |
_aGroup theory and quantum mechamlis / _cMichael Tinkham. |
| 260 |
_aNew York, etc. : _bMcGraw-Hill, _c[1964] |
||
| 300 |
_aXII, 340 p. : _bil. ; _c24 cm. |
||
| 852 |
_aES-MaACL _jE-7015 _bR.91500 |
||
| 999 |
_c134986 _d134986 |
||